2000 Color Combinations: For Graphic, Textile, and Craft Designers (Record no. 12924)

MARC details
000 -LEADER
fixed length control field 00457nam a22001697a 4500
003 - CONTROL NUMBER IDENTIFIER
control field OSt
008 - FIXED-LENGTH DATA ELEMENTS--GENERAL INFORMATION
fixed length control field 241022b |||||||| |||| 00| 0 eng d
020 ## - INTERNATIONAL STANDARD BOOK NUMBER
International Standard Book Number 9780764142208
082 ## - DEWEY DECIMAL CLASSIFICATION NUMBER
Classification number 749.02 LEC
100 ## - MAIN ENTRY--PERSONAL NAME
Personal name LEWIS, Garth
245 ## - TITLE STATEMENT
Title 2000 Color Combinations: For Graphic, Textile, and Craft Designers
250 ## - EDITION STATEMENT
Edition statement Ist. ed.,
260 ## - PUBLICATION, DISTRIBUTION, ETC. (IMPRINT)
Place of publication, distribution, etc United Kingdom,
Name of publisher, distributor, etc B E S Publication Company,
Date of publication, distribution, etc 2009,
300 ## - PHYSICAL DESCRIPTION
Extent 336 p.
650 ## - SUBJECT ADDED ENTRY--TOPICAL TERM
Topical term or geographic name as entry element B.FAD.
942 ## - ADDED ENTRY ELEMENTS (KOHA)
Source of classification or shelving scheme Dewey Decimal Classification
Koha item type Reference Books
Holdings
Withdrawn status Lost status Source of classification or shelving scheme Damaged status Not for loan Collection code Home library Current library Date acquired Source of acquisition Currency Cost, normal purchase price Bill Number Total Checkouts Full call number Acc. no. / Barcode Date last seen Actual Cost, discounted price Bill Date Koha item type
    Dewey Decimal Classification     Bachelor of Fashion and Apparel Design PIET NCR College Library PIET NCR College Library 01/10/2024 Pankaj Publication International In Rupees 2175.64 PPI-15   749.02 LEC N3757 22/10/2024 1588.22 01/10/2024 Reference Books

Design & Developed by: PIET Central Library
R70 Miles Stone Pattikalyana Samalkha Panipat 132102
mail ID :- [email protected], Phone No:- 0180-2569700 Ex.216